000
00267nam a2200109Ia 4500
008
220120s9999||||xx |||||||||||||| ||und||
082
_a
540 KAL
100
_a
Kalburgi, G S
_9
11440
245
0
_a
Engineering Chemistry
260
_b
New Delhi
_c
2003
300
_a
1206p.
_b
0
999
_c
136369
_d
136369